Toy Story 3 : (Registro nro. 37149)
[ vista simple ]
| 000 -CABECERA | |
|---|---|
| Longitud fija campo de control | 00716nam a2200169 4500 |
| 003 - • IDENTIFICADOR DELl NÚMERO DE CONTROL | |
| Identificador del número de control | CO-ViMGA |
| 020 ## - • NÚMERO INTERNACIONAL NORMALIZADO PARA LIBROS | |
| Número Internacional Normalizado para Libros (ISBN) | 9789587662283 |
| 040 ## - FUENTE DE LA CATALOGACIÓN | |
| Centro catalogador de origen | CO-ViMGA |
| Lengua de catalogación | spa |
| Centro transcriptor | CO-ViMGA |
| 100 1# - • PUNTO DE ACCESO PRINCIPAL-NOMBRE DE PERSONA | |
| Nombre de persona | Martinez, Liliana |
| 245 10 - • TITULO PROPIAMENTE DICHO | |
| Título | Toy Story 3 : |
| Mención de responsabilidad, etc. | Liliana Martinez |
| Resto del título | ¡Para leer, armar y jugar! / |
| 300 ## - • DESCRIPCIÓN FÍSICA | |
| Extensión | [10] paginas : |
| Otras características físicas | il. ; Rompecabezas en goma ; 21 cm. |
| 520 ## - • NOTA DE RESUMEN | |
| Resumen, etc, | Woody y sus amigos se enfrentan en nuevas aventuras en la guardería Sunnyside. Los rompecabezas acompañan la historia. Solo hay que retirar las piezas y usarlas una y otra vez para jugar y armar la imagen completa. |
| 650 14 - • PUNTO DE ACCESO ADICIONAL DE MATERIA - TÉRMINO DE MATERIA | |
| Término de materia o nombre geográfico como elemento inicial | Libros ilustrados para niños |
| 942 ## - ENTRADA DE ELEMENTOS AGREGADOS (KOHA) | |
| Fuente de clasificaión o esquema | Dewey Decimal Classification |
| Koha [por defecto] tipo de item | LIbro |
| Perdido | Fuente de clasificación o esquema | Estado Físico | No para préstamo | Forma de adquisición | Localización permanente | Localización actual | Fecha adquisición | Préstamos totales | Signatura completa | Código de barras | Fecha última consulta | Fecha del precio de reemplazo | Tipo de item de Koha |
|---|---|---|---|---|---|---|---|---|---|---|---|---|---|
| Dewey Decimal Classification | Sala Infantil Segundo Piso | Biblioteca Pública Germán Arciniegas - Villavicencio | Biblioteca Pública Germán Arciniegas - Villavicencio | 01/23/2020 | C MARts | 32944 | 01/23/2020 | 01/23/2020 | LIbro | ||||
| Dewey Decimal Classification | Sala Infantil Segundo Piso | Biblioteca Pública Germán Arciniegas - Villavicencio | Biblioteca Pública Germán Arciniegas - Villavicencio | 01/23/2020 | C MARts | 32943 | 01/23/2020 | 01/23/2020 | LIbro |